000 00846nam a22002537a 4500
999 _c3476
_d3476
003 AR-CdUCM
008 190306b ||||| |||| 00| 0 spa d
040 _aMUNICIPALIDAD PROVINCIAL DEL CUSCO
_cBIBLIOTECA MUNICIPAL DEL CUSCO
082 _a340.7 /
_bAL45
100 _aAlsina, Hugo
_911434
245 _aLas Cuestiones Prejudiciales en el Proceso Civil /
260 _aBuenos Aires :
_bEdiciones Juridicas Europa-America,
_c1959.
300 _a107 paginas ;
_c15cm.
440 _aBreviarios de Derecho
_n19
_911435
500 _aColección
505 _aContenido- Legislación comparada -- La doctrina -- Sistemas de aplicación
650 _aLegislación
_92962
650 _aEuropa
_91221
650 _aLeyes
_94808
650 _aJudiciales
_911436
700 _aSentis Melendo, Santiago
_94360
942 _2ddc
_cLIBROS
945 _apjha